Strategic business alliances between Canada and the newly industrialized countries of Pacific Asia

Kanadské spoločnosti sú orientované pri svojich obchodných alianciáchna novoindustrializované krajiny Ázie. Hodnotenie odpovedí o úspešnosti týchto aliancií od vedenia podnikov.

Guardado en:
Detalles Bibliográficos
Autor principal: Hung, C.L
Formato: Capítulo de libro
Lenguaje:inglés
Materias:
Etiquetas: Agregar Etiqueta
Sin Etiquetas, Sea el primero en etiquetar este registro!

MARC

LEADER 00000naa a2200000 4500
001 r000039
005 20221130111928.6
041 0 |a eng 
044 |a DE 
245 1 0 |a Strategic business alliances between Canada and the newly industrialized countries of Pacific Asia  |c C.L. Hung 
520 |a Kanadské spoločnosti sú orientované pri svojich obchodných alianciáchna novoindustrializované krajiny Ázie. Hodnotenie odpovedí o úspešnosti týchto aliancií od vedenia podnikov. 
610 2 0 |a spolupráca hospodárska medzinárodná 
610 2 0 |a Kanada 
610 2 0 |a Ázia 
610 2 0 |a NIK 
610 2 0 |a vzťahy zmluvné 
610 2 0 |a spoločnosti obchodné 
610 2 0 |a podnik spoločný 
100 1 |a Hung, C.L.